Die Pharmazeutische Fakultät der Komenský-Universität in Bratislava

Bibliographic Details
Main Author: Mandák, Milan, 1924-2005 (Author)
Format: Article
Language:Slovak
German

MARC

LEADER 00000nab a2200000ua 4500
001 vtls010759831
003 SK-MaSNL
005 20260304202335.0
008 250718s1969 xo |||||||||||||||||slo|
035 |a (urnnbn)urn:nbn:sk:snk:ar-a02hxu 
035 |a (uuid)8c121615-97f6-4c15-a243-0b09c567536c 
035 |a urn:nbn:sk:snk-ab4l37 
040 |a SNKBUCL  |b slo  |c SNKBUCL  |e AACR2 
041 0 |a ger 
044 |a xo  |c SK 
100 1 |a Mandák, Milan,  |d 1924-2005  |4 aut  |9 211498 
245 1 4 |a Die Pharmazeutische Fakultät der Komenský-Universität in Bratislava  |c Milan Mandák 
773 0 |t Acta Facultatis Pharmaceuticae Universitatis Comenianae  |g Roč. 17, č. 17 (1969), s. 11-15 
850 |a Slovenská národná knižnica 
852 |a Slovenská národná knižnica 
958 |a article3 
958 |a OND 
958 |a EUIPO 
999 |c 3102422  |d 3104352